食物纤维与健康 (Record no. 12257)

000 -LEADER
fixed length control field 00377nam a22001577a 4500
003 - CONTROL NUMBER IDENTIFIER
control field MPLRDC
005 - DATE AND TIME OF LATEST TRANSACTION
control field 20220104123537.0
008 - FIXED-LENGTH DATA ELEMENTS--GENERAL INFORMATION
fixed length control field 210129b ||||| |||| 00| 0 eng d
082 ## - DEWEY DECIMAL CLASSIFICATION NUMBER
Classification number 411.3 XZC
100 ## - MAIN ENTRY--PERSONAL NAME
Personal name 徐之才编
245 ## - TITLE STATEMENT
Title 食物纤维与健康
Statement of responsibility, etc.
260 ## - PUBLICATION, DISTRIBUTION, ETC.
Place of publication, distribution, etc. 香港
Name of publisher, distributor, etc. 百成出版社
Date of publication, distribution, etc.
300 ## - PHYSICAL DESCRIPTION
Other physical details 184
650 ## - SUBJECT ADDED ENTRY--TOPICAL TERM
Topical term or geographic name entry element 营养与食品
942 ## - ADDED ENTRY ELEMENTS (KOHA)
Koha item type Book
-- 411.3 XZC
Holdings
Withdrawn status Lost status Source of classification or shelving scheme Damaged status Not for loan Collection code Home library Current library Shelving location Date acquired Cost, normal purchase price Total Checkouts Full call number Barcode Date last seen Date last checked out Price effective from Koha item type Public note
            Malaysian Public Library, Research and Development Centre Malaysian Public Library, Research and Development Centre   10/12/2007 8.50   411.3 XZC 00012271 17/03/2021 17/09/2008 17/03/2021 Book mplrdc

© 2022. Malaysian Public Library, Research and Development Centre. All Right ReservedE-mailmplrdc@help.edu.my 

Powered by Koha